Eddie Guerrero's WrestleMania Opponents - Statistics

General Stats
  • This quiz has been taken 168 times
  • The average score is 6 of 10
Answer Stats
WrestleMania Opponent % Correct
WrestleMania 21 Rey Mysterio
93%
WrestleMania XX Kurt Angle
90%
WrestleMania XIX* Chris Benoit
80%
WrestleMania 2000* Chyna
51%
WrestleMania X-7 Test
50%
WrestleMania XIX* Shelton Benjamin
49%
WrestleMania XIX* Charlie Haas
45%
WrestleMania XIX* Rhyno
43%
WrestleMania 2000* Scotty 2 Hotty
33%
WrestleMania 2000* Grand Master Sexay
31%
No matching quizzes found
Score Distribution
Percent of People with Each Score
Percentile by Number Answered
Your Score History
You have not taken this quiz